00658nam a2200145 a 450000100100000000500170001000800410002704000250006808200140009324501320010726001990023930000200043849000270045883000270048500002986320200930055850.0110426s1998 dr 000 0 spa d aDO-SdBNPbspacBNPHU axxxbH11700aHacia la construcción de una oferta electoral. Alianza para superar la pobreza. / :btú eres el país. Participa y decide. aSanto Domingo, :bOficina Nacional de las Cumbres :bÁrea de Descentralización de la Secretaría Ejecutiva de la Comisión Presidencial para la Reforma y Modernización del Estado,c1998. a31 p. ;c22 cm.1 aCampaña ciudadanav4 0aCampaña ciudadanav4